| 000 | 00613nam a2200217 a 4500 | ||
|---|---|---|---|
| 999 |
_c1795 _d1795 |
||
| 007 | ta | ||
| 008 | 200120t2005 xxuad||g |||| 00| 0 eng d | ||
| 020 | _a9780821357477 | ||
| 040 |
_aKO _beng |
||
| 041 | 0 | _aeng | |
| 044 | _axxu | ||
| 082 | 0 | 4 |
_223 _a337 _bW89317 |
| 110 | _aThe World Bank | ||
| 245 | 1 | 0 |
_aGlobal Economic Prospects : _bTrade, Regionalism, and Development / |
| 260 |
_aWashington , D. C. : _bThe World Bank , _c2005 . |
||
| 300 |
_axxv , 151 p. : _bcol ill., col.charts. ; _c28 cm . |
||
| 650 | 0 |
_aInternational economic relations _vTextbooks |
|
| 904 | _aReshma_R | ||
| 942 | _cBK | ||